[Event "TeamRussiamenrapid"]
[Site "?"]
[Date "2016.10.06"]
[Round "9.15"]
[White "Bryzgalin, Kirill"]
[Black "Khismatullin, Denis"]
[Result "0-1"]
[LiveChessVersion "1.4.4"]
[BlackElo "2668"]
[WhiteElo "2574"]

1. Nf3 {[%clk 0:15:17]} c5 {[%clk 0:15:14]} 2. c4 {[%clk 0:15:20]} Nc6
{[%clk 0:15:23]} 3. Nc3 {[%clk 0:15:29]} e5 {[%clk 0:15:32]} 4. g3
{[%clk 0:15:34]} g6 {[%clk 0:15:40]} 5. Bg2 {[%clk 0:15:43]} Bg7 {[%clk 0:15:48]}
6. Rb1 {[%clk 0:15:41]} Nge7 {[%clk 0:14:51]} 7. O-O {[%clk 0:15:47]} d6
{[%clk 0:14:36]} 8. Ne1 {[%clk 0:15:54]} Be6 {[%clk 0:14:45]} 9. Nd5
{[%clk 0:15:44]} O-O {[%clk 0:14:46]} 10. Nc2 {[%clk 0:15:52]} Rb8
{[%clk 0:14:30]} 11. d3 {[%clk 0:12:35]} b5 {[%clk 0:14:23]} 12. b3
{[%clk 0:12:26]} Qd7 {[%clk 0:14:16]} 13. Re1 {[%clk 0:11:46]} a5
{[%clk 0:13:11]} 14. Bd2 {[%clk 0:08:25]} Rfc8 {[%clk 0:09:52]} 15. a3
{[%clk 0:07:19]} b4 {[%clk 0:07:21]} 16. a4 {[%clk 0:07:12]} Bh3 {[%clk 0:07:06]}
17. Bh1 {[%clk 0:06:46]} Nxd5 {[%clk 0:06:57]} 18. cxd5 {[%clk 0:06:38]} Ne7
{[%clk 0:05:44]} 19. Ne3 {[%clk 0:06:45]} Qc7 {[%clk 0:05:33]} 20. Nc4
{[%clk 0:06:49]} Rf8 {[%clk 0:05:15]} 21. e4 {[%clk 0:06:36]} f5 {[%clk 0:05:15]}
22. Bg2 {[%clk 0:06:30]} Bxg2 {[%clk 0:05:05]} 23. Kxg2 {[%clk 0:06:39]} Nc8
{[%clk 0:04:58]} 24. Qe2 {[%clk 0:03:18]} Ra8 {[%clk 0:03:53]} 25. f3
{[%clk 0:03:17]} Nb6 {[%clk 0:03:58]} 26. Rh1 {[%clk 0:03:14]} Rf7
{[%clk 0:03:45]} 27. Rbf1 {[%clk 0:03:21]} Raf8 {[%clk 0:03:47]} 28. h4
{[%clk 0:03:21]} h5 {[%clk 0:03:29]} 29. Be3 {[%clk 0:02:27]} f4 {[%clk 0:03:04]}
30. Bd2 {[%clk 0:02:16]} fxg3 {[%clk 0:03:02]} 31. Rh3 {[%clk 0:02:22]} Nxc4
{[%clk 0:02:52]} 32. dxc4 {[%clk 0:02:31]} Rf4 {[%clk 0:01:39]} 33. Rxg3
{[%clk 0:02:26]} Kh7 {[%clk 0:00:24]} 34. Bxf4 {[%clk 0:01:26]} exf4
{[%clk 0:00:33]} 35. Rh3 {[%clk 0:01:35]} Qe7 {[%clk 0:00:42]} 36. Kh1
{[%clk 0:01:39]} Bf6 {[%clk 0:00:38]} 37. e5 {[%clk 0:01:22]} Bxe5
{[%clk 0:00:34]} 38. Qe4 {[%clk 0:01:29]} Rf5 {[%clk 0:00:34]} 39. Rh2
{[%clk 0:01:37]} Qf6 {[%clk 0:00:36]} 40. Re1 {[%clk 0:01:34]} Kh6
{[%clk 0:00:33]} 41. Ree2 {[%clk 0:01:40]} Qd8 {[%clk 0:00:25]} 42. Reg2
{[%clk 0:01:29]} Qf6 {[%clk 0:00:24]} 43. Re2 {[%clk 0:01:18]} Kg7
{[%clk 0:00:20]} 44. Re1 {[%clk 0:01:20]} Kh7 {[%clk 0:00:17]} 45. Ree2
{[%clk 0:01:23]} Qg7 {[%clk 0:00:19]} 46. Reg2 {[%clk 0:01:17]} Qf6
{[%clk 0:00:15]} 47. Re2 {[%clk 0:01:05]} Kh6 {[%clk 0:00:18]} 48. Re1
{[%clk 0:01:08]} Bc3 {[%clk 0:00:15]} 49. Ree2 {[%clk 0:01:09]} Re5
{[%clk 0:00:17]} 50. Qd3 {[%clk 0:01:13]} Bd4 {[%clk 0:00:17]} 51. Re4
{[%clk 0:00:24]} Be3 {[%clk 0:00:15]} 52. Rxe5 {[%clk 0:00:31]} Qxe5
{[%clk 0:00:22]} 53. Rg2 {[%clk 0:00:25]} Qf6 {[%clk 0:00:31]} 54. Rg5
{[%clk 0:00:12]} Bf2 {[%clk 0:00:24]} 55. Qe4 {[%clk 0:00:13]} Bxh4
{[%clk 0:00:26]} 56. Rg1 {[%clk 0:00:22]} Bf2 {[%clk 0:00:14]} 57. Rd1
{[%clk 0:00:25]} Be3 {[%clk 0:00:16]} 58. Kg2 {[%clk 0:00:17]} Qh4
{[%clk 0:00:20]} 0-1

[Event "TeamRussiamenrapid"]
[Site "?"]
[Date "2016.10.06"]
[Round "9.16"]
[White "Pridorozhni, Aleksei"]
[Black "Oganian, Miran"]
[Result "1-0"]
[LiveChessVersion "1.4.4"]
[BlackElo "2480"]
[WhiteElo "2628"]

1. e4 {[%clk 0:15:19]} c5 {[%clk 0:15:18]} 2. Nc3 {[%clk 0:15:26]} d6
{[%clk 0:15:12]} 3. Nf3 {[%clk 0:15:34]} Nf6 {[%clk 0:14:29]} 4. d4
{[%clk 0:15:42]} cxd4 {[%clk 0:14:37]} 5. Nxd4 {[%clk 0:15:51]} a6
{[%clk 0:14:46]} 6. Rg1 {[%clk 0:15:53]} b5 {[%clk 0:14:42]} 7. g4
{[%clk 0:16:00]} Bb7 {[%clk 0:14:51]} 8. Bg2 {[%clk 0:16:08]} e5 {[%clk 0:12:00]}
9. Nf5 {[%clk 0:16:10]} b4 {[%clk 0:11:46]} 10. Nd5 {[%clk 0:14:55]} Nxd5
{[%clk 0:10:30]} 11. exd5 {[%clk 0:15:03]} g6 {[%clk 0:10:17]} 12. Ng3
{[%clk 0:15:09]} Nd7 {[%clk 0:09:25]} 13. a3 {[%clk 0:14:33]} a5 {[%clk 0:09:08]}
14. Be3 {[%clk 0:13:07]} Be7 {[%clk 0:09:00]} 15. Qd2 {[%clk 0:11:53]} O-O
{[%clk 0:08:44]} 16. Be4 {[%clk 0:11:24]} Nf6 {[%clk 0:08:04]} 17. f3
{[%clk 0:11:24]} Nxe4 {[%clk 0:07:15]} 18. fxe4 {[%clk 0:11:30]} Bh4
{[%clk 0:07:06]} 19. axb4 {[%clk 0:10:27]} axb4 {[%clk 0:06:30]} 20. Rxa8
{[%clk 0:10:35]} Bxa8 {[%clk 0:06:23]} 21. Qxb4 {[%clk 0:10:25]} Qc8
{[%clk 0:05:59]} 22. Kd2 {[%clk 0:09:48]} Qxg4 {[%clk 0:05:06]} 23. Nf5
{[%clk 0:07:09]} Qh3 {[%clk 0:05:15]} 24. Qc4 {[%clk 0:06:42]} Kh8
{[%clk 0:01:39]} 25. Nxd6 {[%clk 0:05:22]} f5 {[%clk 0:01:07]} 26. exf5
{[%clk 0:04:41]} Bf6 {[%clk 0:01:02]} 27. fxg6 {[%clk 0:04:18]} hxg6
{[%clk 0:00:41]} 28. Rxg6 {[%clk 0:02:59]} Qxh2+ {[%clk 0:00:34]} 29. Kc1
{[%clk 0:03:05]} Qh1+ {[%clk 0:00:16]} 30. Rg1 {[%clk 0:03:11]} Qxd5
{[%clk 0:00:22]} 31. Qg4 {[%clk 0:03:16]} Qf3 {[%clk 0:00:12]} 32. Nf7+
{[%clk 0:03:18]} Kh7 {[%clk 0:00:21]} 33. Qg6# {[%clk 0:03:26]} 1-0

[Event "TeamRussiamenrapid"]
[Site "?"]
[Date "2016.10.06"]
[Round "9.17"]
[White "Derjabin, Ilja"]
[Black "Rakhmanov, Aleksandr"]
[Result "0-1"]
[LiveChessVersion "1.4.4"]
[BlackElo "2528"]
[WhiteElo "2341"]

1. d4 {[%clk 0:15:18]} Nf6 {[%clk 0:15:18]} 2. c4 {[%clk 0:15:27]} d6
{[%clk 0:15:26]} 3. Nc3 {[%clk 0:15:36]} Bf5 {[%clk 0:15:34]} 4. Nf3
{[%clk 0:15:40]} g6 {[%clk 0:15:42]} 5. g3 {[%clk 0:13:51]} Bg7 {[%clk 0:15:46]}
6. Bg2 {[%clk 0:13:59]} c6 {[%clk 0:15:55]} 7. O-O {[%clk 0:13:37]} O-O
{[%clk 0:16:00]} 8. Re1 {[%clk 0:13:19]} Ne4 {[%clk 0:16:07]} 9. Nxe4
{[%clk 0:13:19]} Bxe4 {[%clk 0:16:15]} 10. Nh4 {[%clk 0:13:26]} Bxg2
{[%clk 0:16:21]} 11. Kxg2 {[%clk 0:13:33]} d5 {[%clk 0:16:22]} 12. cxd5
{[%clk 0:13:11]} cxd5 {[%clk 0:16:11]} 13. Nf3 {[%clk 0:11:22]} Qb6
{[%clk 0:15:55]} 14. Qb3 {[%clk 0:09:43]} Qxb3 {[%clk 0:14:51]} 15. axb3
{[%clk 0:09:51]} Nc6 {[%clk 0:15:00]} 16. e3 {[%clk 0:09:59]} Rfc8
{[%clk 0:14:37]} 17. Bd2 {[%clk 0:09:55]} f6 {[%clk 0:13:42]} 18. Bc3
{[%clk 0:09:15]} e6 {[%clk 0:13:44]} 19. Red1 {[%clk 0:08:11]} Bf8
{[%clk 0:13:27]} 20. Ne1 {[%clk 0:08:15]} Kf7 {[%clk 0:13:22]} 21. Nd3
{[%clk 0:08:19]} Bd6 {[%clk 0:13:07]} 22. f4 {[%clk 0:07:45]} a6 {[%clk 0:12:50]}
23. Kf3 {[%clk 0:07:43]} Rc7 {[%clk 0:12:52]} 24. Ke2 {[%clk 0:06:56]} Rac8
{[%clk 0:12:59]} 25. Bd2 {[%clk 0:06:13]} h6 26. Rdc1 {[%clk 0:06:13]} g5
{[%clk 0:11:22]} 0-1

[Event "TeamRussiamenrapid"]
[Site "?"]
[Date "2016.10.06"]
[Round "9.18"]
[White "Rozum, Ivan"]
[Black "Iljin, Timofey"]
[Result "1-0"]
[LiveChessVersion "1.4.4"]
[BlackElo "2464"]
[WhiteElo "2608"]

1. Nf3 {[%clk 0:15:17]} d5 {[%clk 0:15:14]} 2. g3 {[%clk 0:15:26]} Nf6
{[%clk 0:14:39]} 3. Bg2 {[%clk 0:15:34]} c6 {[%clk 0:14:24]} 4. O-O
{[%clk 0:15:39]} Bg4 {[%clk 0:14:32]} 5. c4 {[%clk 0:15:45]} Nbd7
{[%clk 0:14:22]} 6. cxd5 {[%clk 0:15:43]} cxd5 {[%clk 0:14:30]} 7. Qb3
{[%clk 0:15:37]} e5 {[%clk 0:11:20]} 8. d3 {[%clk 0:15:08]} Bd6 {[%clk 0:09:58]}
9. Qxb7 {[%clk 0:13:48]} O-O {[%clk 0:10:05]} 10. Qb3 {[%clk 0:13:48]} Rb8
{[%clk 0:09:32]} 11. Qd1 {[%clk 0:13:52]} Qe7 {[%clk 0:09:27]} 12. Nc3
{[%clk 0:13:21]} d4 {[%clk 0:09:23]} 13. Ne4 {[%clk 0:13:19]} Nxe4
{[%clk 0:09:31]} 14. dxe4 {[%clk 0:13:28]} Nc5 {[%clk 0:09:15]} 15. Ne1
{[%clk 0:13:20]} Rfc8 {[%clk 0:07:13]} 16. b3 {[%clk 0:12:39]} a5
{[%clk 0:06:56]} 17. Bd2 {[%clk 0:11:25]} Qa7 {[%clk 0:06:44]} 18. h3
{[%clk 0:09:26]} Bh5 {[%clk 0:06:09]} 19. Rc1 {[%clk 0:08:06]} Qa6
{[%clk 0:06:01]} 20. g4 {[%clk 0:07:06]} Bg6 {[%clk 0:06:10]} 21. f3
{[%clk 0:07:11]} f6 {[%clk 0:04:44]} 22. Rf2 {[%clk 0:05:52]} Bf7
{[%clk 0:04:24]} 23. Bf1 {[%clk 0:05:45]} Qb6 {[%clk 0:03:49]} 24. Rc2
{[%clk 0:04:30]} Rc7 {[%clk 0:01:42]} 25. h4 {[%clk 0:04:23]} Rbc8
{[%clk 0:01:29]} 26. g5 {[%clk 0:04:32]} Be6 {[%clk 0:01:28]} 27. gxf6 gxf6
{[%clk 0:01:36]} 28. Rg2+ {[%clk 0:03:54]} Kh8 {[%clk 0:01:39]} 29. Kh2
{[%clk 0:04:02]} f5 {[%clk 0:01:27]} 30. Bg5 {[%clk 0:03:51]} Rf7
{[%clk 0:01:36]} 31. exf5 {[%clk 0:03:33]} Bxf5 {[%clk 0:01:42]} 32. Rc1
{[%clk 0:03:42]} Rg8 {[%clk 0:01:39]} 33. Kh1 {[%clk 0:03:39]} Ne6
{[%clk 0:01:41]} 34. Bh6 {[%clk 0:03:29]} Qd8 {[%clk 0:01:07]} 35. Rxg8+
{[%clk 0:03:23]} Kxg8 {[%clk 0:01:17]} 36. Ng2 {[%clk 0:03:31]} e4
{[%clk 0:00:38]} 37. Rc6 {[%clk 0:03:11]} Bf8 {[%clk 0:00:22]} 38. Qc1
{[%clk 0:02:56]} d3 {[%clk 0:00:17]} 39. Rc8 {[%clk 0:02:46]} Qf6
{[%clk 0:00:21]} 40. Bxf8 {[%clk 0:02:50]} Nxf8 {[%clk 0:00:23]} 41. Re8
{[%clk 0:02:31]} exf3 {[%clk 0:00:22]} 42. exf3 {[%clk 0:02:40]} Bg6
{[%clk 0:00:27]} 43. Re3 {[%clk 0:02:38]} Qd4 {[%clk 0:00:27]} 44. Qd2
{[%clk 0:02:30]} Nd7 {[%clk 0:00:20]} 45. h5 {[%clk 0:02:13]} Bf5
{[%clk 0:00:17]} 46. Re8+ {[%clk 0:02:07]} Nf8 {[%clk 0:00:21]} 47. Qg5+
{[%clk 0:02:06]} Qg7 {[%clk 0:00:22]} 48. Qd8 {[%clk 0:01:37]} Rd7
{[%clk 0:00:27]} 49. Qb8 {[%clk 0:01:27]} Qf7 {[%clk 0:00:15]} 50. Qg3+
{[%clk 0:01:21]} Qg7 {[%clk 0:00:18]} 51. Qb8 {[%clk 0:01:23]} Qf7
{[%clk 0:00:19]} 52. Qg3+ {[%clk 0:01:31]} Qg7 {[%clk 0:00:28]} 53. Qf4
{[%clk 0:01:30]} d2 {[%clk 0:00:20]} 54. Bc4+ {[%clk 0:01:38]} Kh8
{[%clk 0:00:23]} 55. h6 {[%clk 0:01:32]} d1=Q+ {[%clk 0:00:29]} 56. Kh2
{[%clk 0:01:42]} Qxg2+ {[%clk 0:00:13]} 57. Kxg2 {[%clk 0:01:51]} Rd2+
{[%clk 0:00:21]} 58. Be2 {[%clk 0:01:35]} Rxe2+ {[%clk 0:00:28]} 59. Rxe2
{[%clk 0:01:44]} Qxe2+ {[%clk 0:00:37]} 60. Kg3 {[%clk 0:01:51]} Qe1+
{[%clk 0:00:21]} 61. Kg2 {[%clk 0:02:00]} Qe2+ {[%clk 0:00:18]} 62. Kg3
{[%clk 0:02:09]} Qe1+ {[%clk 0:00:16]} 63. Kg2 {[%clk 0:02:18]} Qe7
{[%clk 0:00:15]} 64. Qxf5 {[%clk 0:02:22]} Ne6 {[%clk 0:00:16]} 65. Qxa5
{[%clk 0:02:15]} Kg8 {[%clk 0:00:20]} 66. Qf5 {[%clk 0:01:59]} Qd6
{[%clk 0:00:22]} 67. Qg4+ {[%clk 0:01:55]} Kf7 {[%clk 0:00:16]} 68. Qf5+
{[%clk 0:02:01]} Kg8 {[%clk 0:00:24]} 69. Qg4+ {[%clk 0:02:10]} Kh8
{[%clk 0:00:17]} 70. a4 {[%clk 0:00:35]} Qd2+ {[%clk 0:00:21]} 71. Kg1
{[%clk 0:00:39]} Qxh6 {[%clk 0:00:24]} 72. Qc4 {[%clk 0:00:39]} Qe3+
{[%clk 0:00:23]} 73. Kg2 {[%clk 0:00:39]} Nf4+ {[%clk 0:00:25]} 74. Kg3
{[%clk 0:00:41]} Ne2+ {[%clk 0:00:13]} 75. Kg4 {[%clk 0:00:49]} Qg1+
{[%clk 0:00:15]} 76. Kf5 {[%clk 0:00:55]} Qg6+ {[%clk 0:00:18]} 77. Ke5
{[%clk 0:01:03]} Qe8+ {[%clk 0:00:19]} 78. Kd6 {[%clk 0:00:56]} Qf8+
{[%clk 0:00:24]} 79. Kc7 {[%clk 0:00:56]} Qxf3 {[%clk 0:00:15]} 80. a5
{[%clk 0:01:00]} Qg3+ {[%clk 0:00:14]} 81. Kb7 {[%clk 0:01:02]} Qg7+
{[%clk 0:00:15]} 82. Qc7 {[%clk 0:00:37]} Qg2+ {[%clk 0:00:16]} 83. Kb8
{[%clk 0:00:39]} Qf1 {[%clk 0:00:12]} 84. a6 {[%clk 0:00:35]} Qd1
{[%clk 0:00:14]} 85. Qc8+ {[%clk 0:00:33]} Kg7 {[%clk 0:00:22]} 86. a7
{[%clk 0:00:39]} Qxb3+ {[%clk 0:00:11]} 87. Qb7+ {[%clk 0:00:47]} Qxb7+
{[%clk 0:00:18]} 88. Kxb7 {[%clk 0:00:56]} Nf4 {[%clk 0:00:13]} 89. a8=Q
{[%clk 0:01:03]} h5 {[%clk 0:00:18]} 90. Kc6 {[%clk 0:01:00]} Kf6
{[%clk 0:00:25]} 91. Kd6 {[%clk 0:01:06]} Kg5 {[%clk 0:00:31]} 92. Ke5
{[%clk 0:01:07]} Ng6+ {[%clk 0:00:32]} 93. Ke4 {[%clk 0:01:15]} h4
{[%clk 0:00:39]} 94. Qa5+ {[%clk 0:01:22]} Kh6 {[%clk 0:00:32]} 95. Kf5
{[%clk 0:01:28]} Ne7+ {[%clk 0:00:37]} 96. Kf6 {[%clk 0:01:27]} Ng8+
{[%clk 0:00:35]} 97. Kf7 {[%clk 0:01:36]} h3 {[%clk 0:00:21]} 98. Qf5
{[%clk 0:01:31]} 1-0

[Event "TeamRussiamenrapid"]
[Site "?"]
[Date "2016.10.06"]
[Round "9.19"]
[White "Kurbedinov, Ramis"]
[Black "Moiseenko, Vadim"]
[Result "0-1"]
[LiveChessVersion "1.4.4"]
[BlackElo "2463"]
[WhiteElo "2249"]

1. d4 {[%clk 0:15:20]} Nf6 2. c4 e6 {[%clk 0:15:22]} 3. Nf3 {[%clk 0:15:37]} b6
{[%clk 0:15:27]} 4. g3 {[%clk 0:15:39]} Bb7 {[%clk 0:15:35]} 5. Bg2
{[%clk 0:15:48]} d5 {[%clk 0:15:42]} 6. O-O {[%clk 0:15:35]} dxc4
{[%clk 0:15:50]} 7. Qa4+ {[%clk 0:14:37]} Nbd7 {[%clk 0:15:58]} 8. Qxc4
{[%clk 0:14:44]} a6 {[%clk 0:16:07]} 9. Bg5 {[%clk 0:14:21]} b5 {[%clk 0:16:12]}
10. Qc2 {[%clk 0:14:23]} c5 {[%clk 0:16:20]} 11. dxc5 {[%clk 0:14:21]} Bxc5
{[%clk 0:16:22]} 12. Nc3 {[%clk 0:13:10]} Rc8 {[%clk 0:16:29]} 13. a3
{[%clk 0:11:09]} h6 {[%clk 0:16:18]} 14. Bxf6 {[%clk 0:10:54]} Nxf6
{[%clk 0:16:20]} 15. Rad1 {[%clk 0:10:10]} Qc7 {[%clk 0:15:24]} 16. Qb1
{[%clk 0:09:02]} O-O {[%clk 0:15:26]} 17. Rc1 {[%clk 0:09:01]} Qb6
{[%clk 0:14:41]} 18. e3 {[%clk 0:08:05]} Rfd8 {[%clk 0:14:06]} 19. Nh4
{[%clk 0:06:14]} Be7 {[%clk 0:10:49]} 20. Rfd1 {[%clk 0:05:40]} Ng4
{[%clk 0:10:23]} 21. Bxb7 {[%clk 0:05:11]} Qxb7 {[%clk 0:10:29]} 22. Qe4
{[%clk 0:04:53]} Qxe4 23. Nxe4 {[%clk 0:05:02]} Rxd1+ {[%clk 0:07:58]} 24. Rxd1
{[%clk 0:05:11]} Bxh4 {[%clk 0:08:07]} 25. gxh4 {[%clk 0:05:20]} Ne5
{[%clk 0:08:04]} 26. Kg2 {[%clk 0:04:30]} Rc4 {[%clk 0:07:29]} 27. Rd8+
{[%clk 0:01:09]} Kh7 {[%clk 0:07:38]} 28. Rd4 {[%clk 0:01:18]} Rxd4
{[%clk 0:06:54]} 29. exd4 {[%clk 0:01:26]} Nc4 {[%clk 0:07:03]} 30. Nc5
{[%clk 0:00:34]} Nxb2 {[%clk 0:06:54]} 31. Nxa6 {[%clk 0:00:43]} Nc4
{[%clk 0:07:02]} 32. Nc7 {[%clk 0:00:22]} Nxa3 {[%clk 0:07:09]} 33. d5
{[%clk 0:00:24]} exd5 {[%clk 0:07:07]} 34. Nxd5 {[%clk 0:00:32]} Nc2
{[%clk 0:07:09]} 35. h5 {[%clk 0:00:21]} b4 {[%clk 0:07:17]} 36. Kf1
{[%clk 0:00:15]} b3 {[%clk 0:07:25]} 37. Nc3 {[%clk 0:00:19]} Nd4
{[%clk 0:06:01]} 38. Na4 {[%clk 0:00:19]} g6 {[%clk 0:05:16]} 39. hxg6+
{[%clk 0:00:14]} Kxg6 {[%clk 0:05:25]} 40. Ke1 {[%clk 0:00:12]} Nf3+
{[%clk 0:04:56]} 41. Kd1 {[%clk 0:00:21]} Nxh2 {[%clk 0:05:01]} 42. Nc5
{[%clk 0:00:30]} b2 {[%clk 0:04:44]} 43. Kc2 {[%clk 0:00:39]} h5 {[%clk 0:04:45]}
44. Kxb2 {[%clk 0:00:41]} h4 {[%clk 0:04:54]} 45. Kc2 {[%clk 0:00:33]} h3
{[%clk 0:05:03]} 46. Ne4 {[%clk 0:00:41]} Ng4 {[%clk 0:05:07]} 47. f3
{[%clk 0:00:31]} h2 {[%clk 0:05:12]} 48. Ng3 {[%clk 0:00:37]} Nf2
{[%clk 0:05:20]} 0-1

[Event "TeamRussiamenrapid"]
[Site "?"]
[Date "2016.10.06"]
[Round "9.20"]
[White "Gochelashvili, David"]
[Black "Papenin, Nikolai"]
[Result "0-1"]
[LiveChessVersion "1.4.4"]
[BlackElo "2334"]
[WhiteElo "2445"]

1. d4 {[%clk 0:15:18]} Nf6 {[%clk 0:15:19]} 2. Bf4 {[%clk 0:15:25]} g6
{[%clk 0:15:26]} 3. e3 {[%clk 0:15:33]} Bg7 {[%clk 0:15:35]} 4. Nf3
{[%clk 0:15:37]} d6 {[%clk 0:15:44]} 5. h3 {[%clk 0:15:46]} O-O {[%clk 0:15:51]}
6. c3 {[%clk 0:15:51]} Nfd7 {[%clk 0:15:55]} 7. Be2 {[%clk 0:15:47]} e5
{[%clk 0:15:55]} 8. Bh2 {[%clk 0:14:53]} Nc6 {[%clk 0:16:03]} 9. Nbd2
{[%clk 0:14:45]} f5 {[%clk 0:16:06]} 10. Qb3+ {[%clk 0:14:06]} Kh8
{[%clk 0:16:14]} 11. O-O-O {[%clk 0:14:08]} a5 {[%clk 0:15:15]} 12. Bb5
{[%clk 0:13:05]} Qe7 {[%clk 0:14:57]} 13. Bxc6 {[%clk 0:10:11]} bxc6
{[%clk 0:15:05]} 14. dxe5 {[%clk 0:10:20]} dxe5 {[%clk 0:14:51]} 15. Nc4
{[%clk 0:10:03]} e4 {[%clk 0:14:40]} 16. Ne1 {[%clk 0:04:58]} Nc5
{[%clk 0:11:50]} 17. Qa3 {[%clk 0:05:07]} Ba6 {[%clk 0:11:58]} 18. Bxc7
{[%clk 0:04:50]} Nd3+ {[%clk 0:10:49]} 19. Nxd3 {[%clk 0:04:52]} Qxc7
{[%clk 0:10:58]} 20. Nc5 {[%clk 0:02:38]} Bxc4 {[%clk 0:10:58]} 21. Rd7
{[%clk 0:02:46]} Qe5 {[%clk 0:10:58]} 22. Rhd1 {[%clk 0:02:52]} Rfb8
{[%clk 0:10:41]} 23. R7d4 {[%clk 0:02:22]} Be6 {[%clk 0:10:10]} 24. Nxe6
{[%clk 0:02:16]} Qxe6 {[%clk 0:10:16]} 25. Rd6 {[%clk 0:01:46]} Qc4
{[%clk 0:09:56]} 26. Rd7 {[%clk 0:01:55]} Bf8 {[%clk 0:09:50]} 27. Re7
{[%clk 0:01:09]} Rd8 {[%clk 0:09:08]} 28. Rd4 {[%clk 0:00:12]} Rxd4
{[%clk 0:08:39]} 29. exd4 {[%clk 0:00:21]} Qf1+ {[%clk 0:08:42]} 30. Kc2
{[%clk 0:00:29]} Qd3+ {[%clk 0:08:49]} 31. Kb3 {[%clk 0:00:17]} Rb8+
{[%clk 0:08:54]} 32. Qb4 Ra8 33. a4 {[%clk 0:15:10]} 0-1